00713nam a2200229 a 4500001001300000003000900013005001700022008004100039020002300080082001300103100001600116245008300132260004900215300000900264500003500273650001100308700001600319902000800335942000700343952011600350999001700466nice12345678IN_TiNIC20260116014931.0070914s1980 mica grp 000 0 eng  a0310354501 c10000a262bBRA aBrand, Paul aFearfully and Wonderfully Madeb A Surgen Looks at the Human and Spritual Body aMichigan bZondervan Publishing House c1980 a213p aincludes index and biblioraphy aChurch1 aBrand, Paul bSRS cBK 001040708StackRoom-aHMIbHMId2007-09-14g100.00l0o262 BRAp11001867r2007-09-14v100.00w2007-09-14yBK c17605d17605